Convenios y tratados internacionales sobre derechos humanos, O.E.A.

Bibliographic Details
Main Author: Sagastume Gemmell, Marco A
Format: Section = Libro
Language:Undetermined
Spanish
Published: Costa Rica Continental 1998
Subjects:
LEADER 00644nam a2200217Ia 4500
008 240830s9999 xx 000 0 und d
020 |a 9977-02-014-0 
040 |a B-ESTELÍ- RUACS / 323 C766c 
041 |a spa 
082 |a 323 C766c 
100 1 |a Sagastume Gemmell, Marco A 
245 1 0 |a Convenios y tratados internacionales sobre derechos humanos, O.E.A. 
260 |a Costa Rica  |b Continental  |c 1998 
300 |a 101 p. 
650 7 |a DERECHOS HUMANOS 
650 7 |b  DERECHOS DE LA MUJER 
650 7 |c  TORTURA Y OTROS TRATOS CRUELES 
650 7 |d  DERECHOS ECONOMICOS SOCIALES Y CULTURALES. 
942 |c BK  |2 ddc 
991 |a TEXTO 
999 |c 10695